书目信息 |
| 题名: |
智能检测技术与应用
|
|
| 作者: | 孙福英 , 赵元 , 杨玉芳 主编 | |
| 分册: | ||
| 出版信息: | 北京 北京理工大学出版社 2020.06 |
|
| 页数: | 221页 | |
| 开本: | 26cm | |
| 丛书名: | 普通高等教育智能制造系列教材 | |
| 单 册: | ||
| 中图分类: | TP274 | |
| 科图分类: | ||
| 主题词: | 自动检测--zi dong jian ce--新技术应用--高等教育--教材 | |
| 电子资源: | ||
| ISBN: | 978-7-5682-8501-8 | |
| 000 | 01383nam 2200289 450 | |
| 001 | 0100016177 | |
| 005 | 20201024210217.0 | |
| 010 | @a978-7-5682-8501-8@dCNY46.00 | |
| 100 | @a20200729d2020 em y0chiy50 ea | |
| 101 | 0 | @achi |
| 102 | @aCN@b110000 | |
| 105 | @aa a 000yy | |
| 106 | @ar | |
| 200 | 1 | @a智能检测技术与应用@Azhi neng jian ce ji shu yu ying yong@f主编孙福英, 赵元, 杨玉芳 |
| 210 | @a北京@c北京理工大学出版社@d2020.06 | |
| 215 | @a221页@c图@d26cm | |
| 225 | 2 | @a普通高等教育智能制造系列教材@Apu tong gao deng jiao yu zhi neng zhi zao xi lie jiao cai |
| 320 | @a有书目 (第221页) | |
| 330 | @a本书主要内容包括: 检测设备的基础操作, 包括检测设备的维护保养、检测设备的操作、操作盒的使用、测头的校验、测量工件坐标系的建立 ; 测量工件元素的方法, 包括几何元素的测量方法, 几何尺寸的测量方法、几何公差的测量、数模测量、迭代方法建立坐标系、测量报告的生成 ; 结合实例讲解测量的全部过程 ; 最后介绍了激光扫描的应用及逆向设计基础, 包括激光扫描测头的应用、激光扫描测头主要特点、激光扫描测头的操作流程, Geomagic studio基本操作及基本流程。 | |
| 410 | 0 | @12001 @a普通高等教育智能制造系列教材 |
| 606 | 0 | @a自动检测@Azi dong jian ce@x新技术应用@x高等教育@j教材 |
| 690 | @aTP274@v5 | |
| 701 | 0 | @a孙福英@Asun fu ying@4主编 |
| 701 | 0 | @a赵元@Azhao yuan@4主编 |
| 701 | 0 | @a杨玉芳@Ayang yu fang@4主编 |
| 801 | 0 | @aCN@c20200729 |
| 905 | @a河南城建学院图书馆@dTP274@f2@eS918 | |
| 智能检测技术与应用/主编孙福英, 赵元, 杨玉芳.-北京:北京理工大学出版社,2020.06 |
| 221页:图;26cm.-(普通高等教育智能制造系列教材) |
| ISBN 978-7-5682-8501-8:CNY46.00 |
| 本书主要内容包括: 检测设备的基础操作, 包括检测设备的维护保养、检测设备的操作、操作盒的使用、测头的校验、测量工件坐标系的建立 ; 测量工件元素的方法, 包括几何元素的测量方法, 几何尺寸的测量方法、几何公差的测量、数模测量、迭代方法建立坐标系、测量报告的生成 ; 结合实例讲解测量的全部过程 ; 最后介绍了激光扫描的应用及逆向设计基础, 包括激光扫描测头的应用、激光扫描测头主要特点、激光扫描测头的操作流程, Geomagic studio基本操作及基本流程。 |
| ● |
| 相关链接 |
|
|
|
正题名:智能检测技术与应用
索取号:TP274/S918
 
预约/预借
| 序号 | 登录号 | 条形码 | 馆藏地/架位号 | 状态 | 备注 |
| 1 | 1497203 | 214972038 | 自科库301/301自科库 42排6列3层/ [索取号:TP274/S918] | 在馆 | |
| 2 | 1497204 | 214972047 | 自科库301/301自科库 42排6列3层/ [索取号:TP274/S918] | 在馆 |